| 000 | 01055nam a22003257a 4500 | ||
|---|---|---|---|
| 003 | CHAP | ||
| 005 | 20220817041901.0 | ||
| 008 | 971013s1971 r 00010 d | ||
| 010 | _a27645 | ||
| 011 | _a28617 | ||
| 035 | _a32723 | ||
| 040 | _cCHAP | ||
| 082 |
_a591.16 _bK5 |
||
| 100 | 0 | 0 |
_aKiddy, C. A. _eed. _963170 |
| 245 | _aSex ratio at birth-prospects for control ; a symposium | ||
| 260 |
_a(Albany, N. Y.) : _bAmerican Society of Animal Science, _c1971 |
||
| 300 |
_a104 p. _b: ilus. ; gráfs. |
||
| 590 |
_aBATCH-UPD _b10 _c20130110 _lUCH01 _h0125 |
||
| 590 |
_aBATCH-UPD _b10 _c20130110 _lUCH01 _h1158 |
||
| 590 |
_aBATCH-UPD _b10 _c20130409 _lUCH01 _h2119 |
||
| 590 |
_aBATCH-UPD _b10 _c20130410 _lUCH01 _h0741 |
||
| 590 |
_aBATCH-UPD _b10 _c20130914 _lUCH01 _h1538 |
||
| 590 |
_aCONVERSION _b10 _c20130109 _lUCH01 _h1316 |
||
| 650 | 1 | 4 | _aGenética animal. |
| 650 | 1 | 4 |
_aSexo _xDeterminación. _9105416 |
| 700 | 0 |
_aHafs, Harold D. _952210 |
|
| 901 | _aBK | ||
| 942 | _cLIBRO | ||
| 949 |
_a591.16 K5 _bBC _cLIBRO _d33724000373403 _eLIBRO _h54844 _i32723 _si |
||
| 999 |
_c27645 _d27645 |
||